| 000 | 00000nas 2200000za 4500 |
| 001 | 9.501325 |
| 003 | CaOODSP |
| 005 | 20200325122125 |
| 007 | cr ||||||||||| |
| 008 | 150406d20012002xxc|| m o||||f| |0fre|d |
| 040 | |aCaOODSP|bfre |
| 043 | |an-cn--- |
| 086 | 1 |aM143-5F-PDF |
| 110 | 1 |aCanada.|bRessources naturelles Canada. |bDivision de l'énergie renouvelable et électrique. |
| 245 | 10|aÉtude de cas. Systèmes de chauffage à la biomasse |h[ressource électronique] |
| 260 | |aOttawa - Ontario : |bRessources naturelles Canada. |
| 775 | 08|tCase study. Biomass combustion systems |w(CaOODSP)9.504926 |
| 776 | 0#|tÉtude de cas - Systèmes de chauffage à la biomasse |w(CaOODSP)9.513141 |